Песни первой французской революции: французская литература; 1789 - 1799

Detalles Bibliográficos
Otros Autores: Эфрос А. М. Абрам Маркович (редактор), Зенкевич М. (автор предисловия), Ольшевский А.
Lenguaje:ruso
Publicado: Москва, Academia, 1934
Colección:Французская литература
Materias:
Formato: Libro
KOHA link:https://koha.lib.tpu.ru/cgi-bin/koha/opac-detail.pl?biblionumber=355908

MARC

LEADER 00000nam0a2200000 4500
001 355908
005 20231102010837.0
035 |a (RuTPU)RU\TPU\retro\13168 
090 |a 355908 
100 |a 20200714d1934 km y0rusy50 ca 
101 1 |a rus  |c fre 
102 |a RU 
105 |a a z 001zy 
200 1 |a Песни первой французской революции  |e французская литература  |e 1789 - 1799  |f под ред. А. М. Эфроса, М. Зенкевича ; авт. предисл. А. Ольшевский 
210 |a Москва  |c Academia  |d 1934 
215 |a 808 с.  |c ил. 
225 1 |a Французская литература 
320 |a Комментарии: с. 658-793 
606 1 |a Французская литература  |x Произведения  |2 stltpush  |3 (RuTPU)RU\TPU\subj\64346  |9 81252 
610 1 |a Франция 
610 1 |a Французская революция 1789-1799 
610 1 |a французская поэзия 
610 1 |a песни 
675 |a 84  |v 4 
702 1 |a Эфрос  |b А. М.  |c российский искусствовед, театровед  |c литературный критик, переводчик  |f 1888-1954  |g Абрам Маркович  |2 stltpush  |3 (RuTPU)RU\TPU\pers\19150  |4 340  |9 7270 
702 1 |a Зенкевич  |b М.  |4 340 
702 1 |a Ольшевский  |b А.  |4 080 
801 1 |a RU  |b 63413507  |c 20200714 
801 2 |a RU  |b 63413507  |c 20200722  |g RCR 
942 |c BK